000 00981cam a2200277 a 4500
001 12901249
003 OSt
005 20230925112025.0
008 020820s2003 njua 001 0 eng
010 _a 2002030802
020 _a9788131791618
040 _aDLC
_cDLC
_dDLC
050 0 0 _aQA76.9.M35
_bR67 2003
082 0 0 _a004.0151
_bROS/D
100 1 _aRoss, Kenneth A.
245 1 0 _aDiscrete mathematics /
_cKenneth A. Ross, Charles R.B. Wright.
250 _a5th ed.
260 _aUpper Saddle River, N.J. :
_bPrentice Hall,
_cc2003.
300 _axvi, 612 p. :
_bill. (some col.) ;
_c29 cm.
500 _aIncludes index.
650 0 _aComputer science
_xMathematics.
700 1 _aWright, Charles R. B.,
_d1937-
906 _a7
_bcbc
_corignew
_d1
_eocip
_f20
_gy-gencatlg
942 _2ddc
_cBK
_h004.0151
_iROS/D
_k004.0151
_mROS/D
999 _c42297
_d42297